000 00308nam a2200145Ia 4500
100 _aAbbey M/ Corey/M.J.
942 _cBK
654 _acomputer
245 _aOracle 8 : Beginners guide
260 _bOracle Press
_c1997
082 _a005.13(O)
_bABB
300 _a767
546 _aENGLISH
999 _c18574
_d18574